Politika v České republice

Previous Title: Budování států
Corporate Author: Masarykova univerzita. Mezinárodní politologický ústav
Language: Czech
Published: Brno : Masarykova univerzita, 1997-2001
Physical Description: 24 cm
Subscribed years: 1997-99
Subscribed volumes: 1-3
Newspaper or Journal
Saved in:
LEADER 01714nas a2200397 a 4500
001 000353047
003 CZ BrMZK
005 20090824084836.0
007 ta
008 010907d19972001xr br p 0 a0cze d
020 |a 80-210-3914-0  |q (2004) 
022 |a 1211-8443 
040 |a BOA001  |b cze 
080 |a 323(437.1/.2)(05)  |2 MRF 
080 |a 329(437.1/.2)(05)  |2 MRF 
245 0 0 |a Politika v České republice 
260 |a Brno :  |b Masarykova univerzita,  |c 1997-2001 
300 |a 24 cm 
310 |a 6x ročně 
500 |a Vyd. Mezinár. politologický ústav 
500 |a Jednotlivé svazky mají vlastní ISBN 
541 |c pv-r 
653 0 |a politika  |a vnitřní politika  |a zahraniční politika  |a Česko 
710 2 |a Masarykova univerzita.  |b Mezinárodní politologický ústav  |7 kn20010709045 
780 0 0 |t Budování států 
910 |a BOA001  |b PK-NC-0000.915  |r 1997-99  |s 1-3 
952 |a e-xr- 
964 |a Česko  |x politika  |x časopisy 
964 |a Politika  |y Česko  |x časopisy 
990 |a SE 
991 |b 20070626 
996 6 |b 2610310544  |c PK-NC-0000.915  |d 2004  |v 2004  |y 2004  |l MZK  |r Sklad / do 1 hodiny  |n 0  |p p.v.  |w 000353047  |u 000040  |a 1  |e BOA001  |j MZK50  |s P 
996 6 |b 2610310545  |c PK-NC-0000.915  |d 2004  |v 2004  |y 2004  |l MZK  |r Sklad / do 1 hodiny  |n 1  |p p.v.  |w 000353047  |u 000050  |a 1  |e BOA001  |j MZK50  |s P 
996 6 |b 3119014042  |c PK-NC-0000.915  |d 1997 1  |v 1  |y 1997  |l MZK  |r Sklad / do 1 hodiny  |n 6  |p kup  |w 000353047  |u 000010  |a 1  |e BOA001  |j MZK50  |s P 
996 6 |b 3119017218  |c PK-NC-0000.915  |d 1998 2  |v 2  |y 1998  |l MZK  |r Sklad / do 1 hodiny  |n 3  |p dar  |w 000353047  |u 000020  |a 1  |e BOA001  |j MZK50  |s P 
996 6 |b 3119018329  |c PK-NC-0000.915  |d 1999 3  |v 3  |y 1999  |l MZK  |r Sklad / do 1 hodiny  |n 4  |p kup ; předáno 1  |w 000353047  |u 000030  |a 1  |e BOA001  |j MZK50  |s P